000 00712nam a2200253 a 4500
001 15373
003 BD-RjUL
005 20211208235813.0
008 170118s1964 enk xx 1 00eng dng d
035 _a(BD-RjUL)15427
040 _aUKM
_cUKM
_dBD-RjUL
_beng
041 _aeng
082 _a657.2
_223
_bHOA 1964
100 1 _aHorrocks, J.
_947773
245 1 0 _aApproach to book-keeping /
_cby J. Horrocks and J. B. Stevenson
250 _a2nd ed.
260 _aLondon :
_bLongmans,
_c1964.
300 _avii, 282, [1] p. :
_c23 cm.
500 _aIncludes index.
650 _aAccounting.
_9175106
650 _aBookkeeping.
_9182506
700 1 _aStevenson, J. B. , jt. auth.
_9230417
942 _2ddc
_cBK
999 _c15373
_d15373